[Event "17th Rubinstein Memorial"]
[Site "Polanica Zdroj POL"]
[Date "1979.08.19"]
[Round "13"]
[White "Schinzel, Wladyslaw"]
[Black "Knaak, Rainer"]
[WhiteElo "2400"]
[BlackElo "2565"]
[Result "1/2-1/2"]
[EventDate "1979.08.06"]
[PlyCount "105"]
1. Nf3 Nf6 2. c4 g6 3. g3 Bg7 4. Bg2 O-O 5. O-O d6 6. Nc3 e5 7. d3 Nbd7 8. Bd2 Ne8 9. b4 h6 10. a4 f5 11. a5 a6 12. Qb3 Kh7 13. Ra2 g5 14. Ne1 c6 15. f4 Nc7 16. fxe5 Nxe5 17. Na4 Be6 18. Nb6 d5 19. Bc3 dxc4 20. dxc4 Rb8 21. Rd2 Qe7 22. Nd3 Nxc4 23. Nxc4 Bxc3 24. Qxc3 Bxc4 25. e4 Bxd3 26. Rxd3 f4 27. Bh3 Nb5 28. Qd2 Rbd8 29. Bf5+ Kh8 30. gxf4 gxf4 31. Qxf4 Qg5+ 32. Qxg5 hxg5 33. Rh3+ Kg8 34. Rh5 Nd4 35. Rxg5+ Kf7 36. Bg4+ Ke7 37. Rg7+ Kd6 38. Rxf8 Rxf8 39. Rxb7 Ke5 40. Re7+ Kf4 41. Bh5 Rb8 42. Rf7+ Kg5 43. Bd1 Rxb4 44. Kf2 Rb1 45. Bf3 Ra1 46. Ke3 c5 47. e5 Rxa5 48. Ke4 Ra3 49. Bd1 Ra1 50. Rf1 a5 51. Be2 Rxf1 52. Bxf1 Nc6 53. Kd5 1/2-1/2

[Event "17th Rubinstein Memorial"]
[Site "Polanica Zdroj POL"]
[Date "1979.08.19"]
[Round "13"]
[White "Spiridonov, Nikola"]
[Black "Bielczyk, Jacek"]
[WhiteElo "2440"]
[BlackElo "2410"]
[Result "1/2-1/2"]
[EventDate "1979.08.06"]
[PlyCount "48"]
1. Nf3 d6 2. d4 g6 3. c4 Bg7 4. Nc3 Nd7 5. e4 e5 6. Be2 Ngf6 7. O-O O-O 8. Be3 Qe7 9. Qc2 c6 10. Rfe1 Re8 11. Bf1 Ng4 12. Bg5 f6 13. Bd2 Nh6 14. b4 Nf7 15. Be3 Bh6 16. dxe5 dxe5 17. Bxh6 Nxh6 18. c5 Nf8 19. Na4 Nf7 20. a3 Rd8 21. Nb2 Bg4 22. Nd2 Ne6 23. Nb3 Nd4 24. Nxd4 Rxd4 1/2-1/2

[Event "17th Rubinstein Memorial"]
[Site "Polanica Zdroj POL"]
[Date "1979.08.19"]
[Round "13"]
[White "Timoshenko, Gennady"]
[Black "Farago, Ivan"]
[WhiteElo "2515"]
[BlackElo "2510"]
[Result "1/2-1/2"]
[EventDate "1979.08.06"]
[PlyCount "23"]
1. e4 c5 2. Nf3 e6 3. d4 cxd4 4. Nxd4 a6 5. Bd3 Nc6 6. Nxc6 dxc6 7. Nd2 e5 8. Nc4 Nf6 9. O-O Qc7 10. a4 Be6 11. Qf3 Nd7 12. Qg3 1/2-1/2

[Event "17th Rubinstein Memorial"]
[Site "Polanica Zdroj POL"]
[Date "1979.08.20"]
[Round "14"]
[White "Bielczyk, Jacek"]
[Black "Schinzel, Wladyslaw"]
[WhiteElo "2410"]
[BlackElo "2400"]
[Result "1/2-1/2"]
[EventDate "1979.08.06"]
[PlyCount "29"]
1. e4 e5 2. Nf3 Nc6 3. Bb5 a6 4. Ba4 Nf6 5. O-O Be7 6. Re1 b5 7. Bb3 d6 8. c3 O-O 9. d4 Bg4 10. Be3 exd4 11. cxd4 Na5 12. Bc2 Nc4 13. Bc1 c5 14. b3 Nb6 15. d5 1/2-1/2

[Event "17th Rubinstein Memorial"]
[Site "Polanica Zdroj POL"]
[Date "1979.08.20"]
[Round "14"]
[White "Farago, Ivan"]
[Black "Planinc, Albin"]
[WhiteElo "2510"]
[BlackElo "2445"]
[Result "1-0"]
[EventDate "1979.08.06"]
[PlyCount "97"]
1. d4 Nf6 2. c4 c5 3. d5 e6 4. Nc3 exd5 5. cxd5 d6 6. e4 g6 7. f4 Bg7 8. Bb5+ Nfd7 9. Bd3 O-O 10. Nf3 Na6 11. O-O Nc7 12. a4 a6 13. Nd2 Rb8 14. Nc4 Nf6 15. a5 Nb5 16. f5 Ne8 17. Na4 Nd4 18. Nab6 Nc7 19. Bf4 Ncb5 20. Qg4 Re8 21. Qg3 Rxe4 22. fxg6 hxg6 23. Bxd6 Rg4 24. Bxb8 Rxg3 25. Bxg3 Bf5 26. Rad1 Bxd3 27. Rxd3 Ne2+ 28. Kh1 Nbd4 29. d6 Nf5 30. Bf2 Nf4 31. Rf3 Qg5 32. Bg3 Ne2 33. Bf4 Qg4 34. d7 Bf6 35. Ne5 Qh4 36. Rh3 Qxf4 37. Rxf4 Nxf4 38. Rf3 Ne6 39. g4 Bxe5 40. gxf5 gxf5 41. Rxf5 Bxb2 42. Rxc5 Bf6 43. Rc8+ Nd8 44. Rb8 Kf8 45. Kg2 Bg5 46. Nd5 Kg7 47. Kg3 Nc6 48. Rxb7 Bd8 49. Rb6 1-0

[Event "17th Rubinstein Memorial"]
[Site "Polanica Zdroj POL"]
[Date "1979.08.20"]
[Round "14"]
[White "Filip, Miroslav"]
[Black "Spiridonov, Nikola"]
[WhiteElo "2475"]
[BlackElo "2440"]
[Result "1/2-1/2"]
[EventDate "1979.08.06"]
[PlyCount "32"]
1. c4 c5 2. Nf3 Nf6 3. Nc3 e6 4. g3 b6 5. Bg2 Bb7 6. O-O Be7 7. Re1 O-O 8. e4 d6 9. d4 cxd4 10. Nxd4 Qc8 11. b3 a6 12. Bb2 Nbd7 13. Qd2 Qc7 14. Rad1 Rad8 15. h3 Rfe8 16. Qe3 Bf8 1/2-1/2

[Event "17th Rubinstein Memorial"]
[Site "Polanica Zdroj POL"]
[Date "1979.08.20"]
[Round "14"]
[White "Jansa, Vlastimil"]
[Black "Spasov, Luben"]
[WhiteElo "2495"]
[BlackElo "2470"]
[Result "1/2-1/2"]
[EventDate "1979.08.06"]
[PlyCount "53"]
1. e4 c5 2. Nf3 d6 3. d4 cxd4 4. Nxd4 Nf6 5. Nc3 Nc6 6. Bg5 e6 7. Qd2 Be7 8. O-O-O O-O 9. f4 h6 10. Bh4 Bd7 11. Nf3 Qa5 12. Qe1 Rfd8 13. e5 dxe5 14. fxe5 Ne8 15. Bxe7 Nxe7 16. Nd5 Qxe1 17. Nxe7+ Kf8 18. Ng6+ fxg6 19. Rxe1 g5 20. h4 gxh4 21. Nxh4 g5 22. Nf3 Kg7 23. Nh2 Nc7 24. Ng4 Rh8 25. Bd3 Bc6 26. Be4 Nd5 27. c4 1/2-1/2

[Event "17th Rubinstein Memorial"]
[Site "Polanica Zdroj POL"]
[Date "1979.08.20"]
[Round "14"]
[White "Knaak, Rainer"]
[Black "Pokojowczyk, Jerzy"]
[WhiteElo "2565"]
[BlackElo "2365"]
[Result "1-0"]
[EventDate "1979.08.06"]
[PlyCount "49"]
1. d4 Nf6 2. c4 c5 3. d5 b5 4. cxb5 a6 5. bxa6 Bxa6 6. Nc3 d6 7. e4 Bxf1 8. Kxf1 g6 9. g4 Bg7 10. g5 Nh5 11. Nge2 Qc8 12. Kg2 Qg4+ 13. Ng3 Nf4+ 14. Bxf4 Qxf4 15. h4 O-O 16. Rh3 Na6 17. Nge2 Qg4+ 18. Rg3 Qd7 19. h5 c4 20. Qh1 Rfb8 21. hxg6 hxg6 22. Qh4 Nc5 23. Rh1 Nd3 24. Rgh3 f6 25. Qh7+ 1-0

[Event "17th Rubinstein Memorial"]
[Site "Polanica Zdroj POL"]
[Date "1979.08.20"]
[Round "14"]
[White "Kruszynski, Wlodzimierz"]
[Black "Timoshenko, Gennady"]
[WhiteElo "2285"]
[BlackElo "2515"]
[Result "0-1"]
[EventDate "1979.08.06"]
[PlyCount "112"]
1. e4 c5 2. Nf3 e6 3. d4 cxd4 4. Nxd4 Nf6 5. Nc3 d6 6. Be2 Be7 7. O-O O-O 8. f4 a6 9. Kh1 Qc7 10. a4 Nc6 11. Be3 Re8 12. Qe1 e5 13. fxe5 dxe5 14. Nxc6 Qxc6 15. Bd3 Bb4 16. Bd2 Bxc3 17. Bxc3 b6 18. Qe3 Bb7 19. Rae1 Nd7 20. a5 b5 21. Rf5 f6 22. Bb4 Rac8 23. c3 Nf8 24. Rf2 Ne6 25. Rd2 Red8 26. Red1 h6 27. Qb6 Qxb6 28. axb6 Kf7 29. Bc2 Rxd2 30. Rxd2 Ke8 31. h4 Nc5 32. Re2 Nd7 33. Rd2 Nxb6 34. b3 Nd7 35. h5 Nf8 36. Rd6 Rc6 37. Rd3 Ne6 38. g3 Rc7 39. Re3 Rd7 40. Re2 Ng5 41. Kg1 Bc8 42. Kf2 Rd8 43. Ke3 Bg4 44. Re1 Bxh5 45. Ra1 Kf7 46. Rxa6 Bd1 47. Bd3 Bxb3 48. Bxb5 Rd1 49. Ra7+ Kg8 50. Ra3 Bc2 51. Bc4+ Kh7 52. Ra7 Rg1 53. Kf2 Nh3+ 54. Kf3 Bd1+ 55. Ke3 Rxg3+ 56. Kd2 Bf3 0-1

[Event "17th Rubinstein Memorial"]
[Site "Polanica Zdroj POL"]
[Date "1979.08.22"]
[Round "15"]
[White "Pokojowczyk, Jerzy"]
[Black "Bielczyk, Jacek"]
[WhiteElo "2365"]
[BlackElo "2410"]
[Result "1/2-1/2"]
[EventDate "1979.08.06"]
[PlyCount "36"]
1. e4 c5 2. Nf3 Nc6 3. d4 cxd4 4. Nxd4 Nf6 5. Nc3 d6 6. Bg5 e6 7. Qd2 a6 8. O-O-O Bd7 9. f4 b5 10. Bxf6 gxf6 11. f5 Nxd4 12. Qxd4 Bh6+ 13. Kb1 Bf4 14. Ne2 Be5 15. Qd2 Qc7 16. fxe6 fxe6 17. Nd4 Bxd4 18. Qxd4 Ke7 1/2-1/2

[Event "17th Rubinstein Memorial"]
[Site "Polanica Zdroj POL"]
[Date "1979.08.22"]
[Round "15"]
[White "Spasov, Luben"]
[Black "Farago, Ivan"]
[WhiteElo "2470"]
[BlackElo "2510"]
[Result "1/2-1/2"]
[EventDate "1979.08.06"]
[PlyCount "30"]
1. d4 d5 2. c4 dxc4 3. Nf3 Nf6 4. e3 Bg4 5. Bxc4 e6 6. O-O Nbd7 7. Nc3 Bd6 8. h3 Bh5 9. e4 e5 10. Be2 O-O 11. dxe5 Nxe5 12. Nd4 Bc5 13. Nb3 Qxd1 14. Bxd1 Bb6 15. Bxh5 Nxh5 1/2-1/2

[Event "17th Rubinstein Memorial"]
[Site "Polanica Zdroj POL"]
[Date "1979.08.22"]
[Round "15"]
[White "Spiridonov, Nikola"]
[Black "Jansa, Vlastimil"]
[WhiteElo "2440"]
[BlackElo "2495"]
[Result "1/2-1/2"]
[EventDate "1979.08.06"]
[PlyCount "84"]
1. c4 g6 2. d4 Nf6 3. Nc3 d5 4. Bf4 Bg7 5. Qa4+ Bd7 6. Qb3 Nc6 7. e3 Na5 8. Qb4 Nxc4 9. Bxc4 dxc4 10. Qxb7 Qb8 11. Qxb8+ Rxb8 12. O-O-O Rb7 13. Nf3 Bg4 14. Be5 O-O 15. Rd2 Rfb8 16. Kb1 Bf5+ 17. Ka1 Ne4 18. Nxe4 Bxe4 19. Rc1 f6 20. Bg3 Bd5 21. Ng1 Bf8 22. Ne2 e6 23. f3 f5 24. Rdc2 Bh6 25. Bf4 g5 26. Be5 g4 27. Bf4 Bxf4 28. Nxf4 gxf3 29. gxf3 Kf7 30. Rf2 Ke7 31. e4 fxe4 32. fxe4 Bxe4 33. Re1 Bf5 34. Nxe6 Bxe6 35. d5 Rb6 36. Rfe2 Rd8 37. Rxe6+ Rxe6 38. Rxe6+ Kf7 39. Rc6 Rxd5 40. Rxc7+ Kg6 41. a3 Rh5 42. Rxc4 Rxh2 1/2-1/2